• Ana de San Bartolomé,

di Personal Name

Records bibliografici associati: 3

001 - CONTROL NUMBER

  • control field: 977

003 - CONTROL NUMBER IDENTIFIER

  • control field: IT-RoINE

005 - DATE AND TIME OF LATEST TRANSACTION

  • control field: 20131112125724.0

008 - FIXED-LENGTH DATA ELEMENTS

  • fixed length control field: 131112|| aca||aabn | a|a d

040 ## - CATALOGING SOURCE

  • Original cataloging agency: IT-RoINE
  • Transcribing agency: IT-RoINE

100 ## - HEADING--PERSONAL NAME

  • Personal name: Ana de San Bartolomé,
  • Titles and other words associated with a name: Beata,
  • Dates associated with a name: 1549-1626
  • General subdivision: Biografía

670 ## - SOURCE DATA FOUND

  • Source citation: Work cat.: (IT-RoINE)0: Florencio del Niño Jesús, O.C.D., 1877-1939 976, Vita della Beata Anna di S. Bartolomeo :, [1917]